| 000 | 00577cam4a220021700 4500 | ||
|---|---|---|---|
| 001 | zam00002151 | ||
| 008 | 951128s1973 xx eng u | ||
| 035 | _a(Sirsi) r19530 | ||
| 035 | _a(MACHINE)SLC. | ||
| 100 |
_aVan, B. _6A80444.1 |
||
| 245 | 1 | 0 | _aMahabharata. |
| 260 | _c1973. | ||
| 949 |
_aBL1130 _wlcc _mMAIN _tBOOK _lON-SHELF |
||
| 004 | 19530 | ||
| 591 | _aClass code: RS 100. | ||
| 591 | _aCourse: Introduction to religious studies. | ||
| 591 | _aSchool: S03. | ||
| 591 | _aLecturer: Fr. CARMODY, B.P. | ||
| 591 | _aNumber of Students: 45. | ||
| 909 | _aBook | ||
| 999 |
_c169424 _d169424 |
||